000 00694nam a22001577a 4500
003 SGT
020 _a9781259006579
082 _a621.3
_bKOT
100 _aKOTHARI,D.P
245 _aBASIC ELECTRICAL AND ELECTRONICS ENGINEERING
260 _aNEW DELHI
_bTMH
_c2014
300 _aV.P.
650 _aELECTRONICS ENGINEERING
653 _aSTEADY STATE ANALYSIS FOR SINUSOIDAL EXCITATION, THREE PHASE CIRCUITS,MAGNETIC CIRCUITS, TRANSFORMERS, DC MACHINES, SYNCHRONOUS MACHINE, INDUCTION MOTOR, OP-AMP, FEEDBACK AMPLIFIERS AND OSCILLATORS, REGULATED POWER SUPPLIES, DIGITAL LOGIC, DIGITAL ELECTRONICS, BOOLEAN ALGEBRA AND COMPUTATIONAL CIRCUITS , FLIP-FLOPS, REGISTERS AND COUNTERS
942 _2ddc
_cBK
999 _c8236
_d8236